Capitals of South America by Clicking - Statistics

General Stats
  • This quiz has been taken 88 times
  • The average score is 11 of 12
Answer Stats
Hint Answer % Correct
Argentina Buenos Aires
98%
Brazil Brasilia
97%
Chile Santiago
93%
Colombia Bogota
92%
Peru Lima
92%
Venezuela Caracas
90%
Ecuador Quito
88%
Guyana Georgetown
83%
Uruguay Montevideo
83%
Bolivia Sucre / La Paz
83%
Paraguay Asuncion
75%
Suriname Paramaribo
75%
No matching quizzes found
Score Distribution
Percent of People with Each Score
Percentile by Number Answered
Your Score History
You have not taken this quiz